000 00548nam a2200157Ia 4500
999 _c1029
_d1029
020 _a0-08-034764-9
082 _aRR 951.003 INF-
245 0 _aInformation China: the comprehensive and authoritative reference source of new China
260 _aOxford
_bPergamon Press
_c1989
300 _a3v.: maps, pictures and photog
440 _aCountries of the World information series
500 _aContents: Vol.1.(xxxvii,440p.) - v.2.(xix,443-929p.) - v.3.(xix,933-1621p.)
650 _aChina - Encyclopedias
700 _aJames, C.V.
942 _cBK
_2ddc